00511nam a2200193 a 4500001001300000003000900013005001700022008004100039020000900080082001500089100001900104245005300123260004700176300000800223500003500231505001000266650002200276700001900298nice12345678IN_TiNIC20260116012318.0050524s1987 newa grp 000 0 eng  ac6000a954.6bMAD aMadhok, Balraj aJammu Kashmir and Ladakhb Problem and Solution. aNew DelhibReliance Publishing Housec1987 a85p aincludes index and biblioraphy2 aindex aJammu and Kashmir1 aMadhok, Balraj